Sovremennyje gramatičeskije sredstva ob'jektivacii dejstviteľnosti v trudach Je. N. Remčukovoj

Analýza diel známej špecialistiky na ruskú gramatiku a tvorivú lingvistiku, E. N. Remčukovej. Identifikácia trendov a neologických procesov opísaných Remčukovou, ktoré si vyžadujú ďalšie pozorovania a výskum.

Salvato in:
Dettagli Bibliografici
Autore principale: Markova, Elena, 1960-
Natura: Capitolo di libro
Lingua:russo
Soggetti:
Tags: Aggiungi Tag
Nessun Tag, puoi essere il primo ad aggiungerne!!

MARC

LEADER 00000naa$a2200000$$$4500
001 0308079
005 20250410132326.1
041 0 |a rus 
044 |a RU 
245 1 0 |a Sovremennyje gramatičeskije sredstva ob'jektivacii dejstviteľnosti v trudach Je. N. Remčukovoj  |c Elena Markova 
520 |a Analýza diel známej špecialistiky na ruskú gramatiku a tvorivú lingvistiku, E. N. Remčukovej. Identifikácia trendov a neologických procesov opísaných Remčukovou, ktoré si vyžadujú ďalšie pozorovania a výskum. 
610 2 0 |a gramatika 
610 2 0 |a zásoba slovná 
610 2 0 |a jazyky cudzie 
610 2 0 |a jazyk odborný 
610 2 0 |a ruština 
100 1 |a Markova, Elena, 1960-